POLSKI RAP 2021 - najpopularniejsze piosenki - Statystyki

Ogólne statystyki
  • Ten quiz został rozwiązany 588 razy
    452 od ostatniego zresetowania
  • Średni wynik to 6 z 31
Statystyki odpowiedzi
Wyświetlenia Tytuł % Poprawnych
51 MLN Patoreakcja
63%
53 MLN Kiss cam
62%
51 MLN DISNEY
60%
29 MLN Papuga
35%
34 MLN Bandyta
32%
24 MLN Szklanki
31%
83 MLN 3KIPA
28%
59 MLN Fiołkowe pole
28%
22 MLN Worki w tłum
27%
17 MLN Jungle Girl
24%
22 MLN NASZE LATO
23%
23 MLN Amerykańskie Teledyski
22%
48 MLN ZYGZAK
17%
20 MLN Duże Oczy
16%
15 MLN Puerto Bounce
16%
17 MLN La la la
13%
13 MLN Przypadkiem
12%
29 MLN CHILL
11%
23 MLN Alien
10%
18 MLN NAPAD NA BANK
7%
21 MLN ZAEBYŚCIE
7%
12 MLN Paw
6%
19 MLN Drobna zabawa
4%
12 MLN Każdy Blok
4%
13 MLN Nie Teraz
4%
15 MLN Bezprawie
3%
16 MLN ADIOS
2%
15 MLN POLO GANG
2%
11 MLN Dziś się czuję jak to zwierzę
1%
12 MLN nieważne...
1%
12 MLN Tylko Ty
1%
Nie znaleziono quizów pasujących do podanych kryteriów
Rozkład punktacji
Procent ludzi z każdym wynikiem
Percentyl według liczby udzielonych odpowiedzi
Twoja historia wyników
Nie rozwiązałeś tego quizu od ostatniego zresetowania